书目信息

书名: 千江有水千江月 
作者: 萧丽红
出版信息: 哈尔滨   北方文艺出版社  1987.05
开本页数: 19cm  309页
丛书名: 台湾文学丛书
单 册:
中图分类: I24
科图分类:
主题词: 长篇小说--中国--现代
电子资源:
ISBN: 7-5317-0000-X
000 00665nam2 2200241 45
001 0000293428
005 20060303143004.71
010    @a7-5317-0000-X@dCNY1.85
100    @a19951124d1987 em y0chiy0121 ea
101 @achi
102    @aCN@b230000
105    @ay z 000yy
200 10 @a千江有水千江月@Aqian jiang you shui qian jiang yue@f萧丽红著
210    @a哈尔滨@c北方文艺出版社@d1987.05
215    @a309页@d19cm
225 @a台湾文学丛书
410  0 @120010@a台湾文学丛书
606    @a长篇小说@y中国@z现代
690    @aI24@v3
701  0 @a萧丽红@4著@Axiao li hong
801  2 @aCN@bNLC@c20060303
801  0 @aCN@b深圳图书馆
905    @a10447@dI24@e1500
    
    千江有水千江月/萧丽红著.-哈尔滨:北方文艺出版社,1987.05
    309页;19cm.-(台湾文学丛书)
    
    
    ISBN 7-5317-0000-X:CNY1.85
    
相关链接 在五车中查询图书 在当当中查询图书 在豆瓣中查询图书


正题名:千江有水千江月     索取号:I24/1500         预约/预借

序号 登录号 条形码 馆藏地/架位号 状态 备注
1 73694   200736944   海科密-1楼/35架3列7层/ [索取号:I24/1500] 在馆